Statistics for Mystery Category #6

Click here to take the quiz!

General Stats

  • This quiz has been taken 147 times
  • The average score is 7 of 13

Answer Stats

Lose a Letter, UnscrambleNew Word% Correct
DOCKCOD
98%
ABYSSBASS
92%
Mystery CategoryFISH
84%
PARCHCARP
84%
ALMONDSSALMON
83%
LOVESSOLE
73%
HABITUALHALIBUT
56%
REGROUPSGROUPER
48%
WONDERFULFLOUNDER
40%
PREPLANSSNAPPER
33%
MINERALMARLIN
10%
WEASELLYWALLEYE
9%
BATTLEBETTA
5%

Score Distribution

Percentile by Number Answered

Percent of People with Each Score

Your Score History

You have not taken this quiz